Účtovanie dlhodobých návratných cudzích zdrojov financovania v podvojnom účtovníctve

Špecifické účtovné prípady súvisiace s účtovaním dlhodobých bankových úverov a finančných výpomocí v sústave podvojného účtovníctva, nakoľko patria k najčastejším spôsobom získavania dodatočných cudzích zdrojov financovania v súčasnosti.

Saved in:
Bibliographic Details
Main Author: Pakšiová, Renáta, 1974-
Format: Book Chapter
Language:Slovak
Subjects:
Tags: Add Tag
No Tags, Be the first to tag this record!

MARC

LEADER 00000naa a2200000 4500
001 0174497
005 20240502072956.7
041 0 |a slo 
044 |a SK 
245 1 0 |a Účtovanie dlhodobých návratných cudzích zdrojov financovania v podvojnom účtovníctve  |c Renáta Pakšiová 
520 |a Špecifické účtovné prípady súvisiace s účtovaním dlhodobých bankových úverov a finančných výpomocí v sústave podvojného účtovníctva, nakoľko patria k najčastejším spôsobom získavania dodatočných cudzích zdrojov financovania v súčasnosti. 
610 2 0 |a účtovníctvo podvojné 
610 2 0 |a zdroje finančné cudzie 
610 2 0 |a úver bankový 
610 2 0 |a jednotka účtovná 
610 2 0 |a záväzky 
100 1 |a Pakšiová, Renáta, 1974-